000 nam a22 a 4500
999 _c4690
_d4690
003 AKMAL
005 20170728110348.0
008 170728s2017 my l 00 may d
020 _cRM39.00
082 0 4 _a344.59504233 MAL
090 _a344.59504233
_bMAL
110 1 _aMalaysia
_9400
245 1 _aAkta Dadah Berbahaya (Perlucuthakan Harta), 1988 (Akta 340) :
_bpindaan sehingga 1988 /
_cdisusun oleh Penasihat Undang-Undang MDC
260 _aKuala Lumpur :
_bMDC Publishers,
_c2017
300 _aiv, 88ms. ;
_c27cm
650 _aDrugs
_xLaw and legislation
_zMalaysia
_92109
650 _aDrug abuse
_zMalaysia
_xPrevention
_92110
942 _2ddc
_cBOOK
950 _lAKMAL